Population | Answer |
8,673,713 | London | | 97.2% | 3,670,999 | Berlin | | 93.7% | 2,244,000 | Paris | | 93.7% | 596,452 | Liverpool | | 92.6% | 3,141,991 | Madrid | | 91.9% | 2,870,336 | Rome | | 90.8% | 1,350,387 | Milan | | 90.5% | 487,121 | Manchester | | 89.8% | 1,608,746 | Barcelona | | 89.4% | 848,861 | Amsterdam | | 89.4% | 1,542,860 | Munich | | 88.7% | 925,934 | Stockholm | | 87.3% | 606,340 | Glasgow | | 87% | 1,867,960 | Vienna | | 86.6% | 1,187,890 | Brussels | | 86.3% | 553,165 | Dublin | | 86.3% | 2,106,144 | Bucharest | | 85.9% | 1,748,916 | Warsaw | | 85.9% | 1,759,407 | Budapest | | 85.2% | 664,046 | Athens | | 84.9% | 547,631 | Lisbon | | 84.9% | 1,787,408 | Hamburg | | 84.5% | 1,280,508 | Prague | | 84.2% | 583,348 | Copenhagen | | 84.2% | 630,752 | Helsinki | | 83.8% | 1,111,307 | Birmingham | | 83.5% | 972,638 | Naples | | 83.5% | 852,516 | Marseille | | 82.7% | 491,268 | Lyon | | 82.7% | 498,810 | Edinburgh | | 82.4% | 892,649 | Turin | | 80.6% | 638,221 | Rotterdam | | 79.9% | 786,189 | Valencia | | 79.6% | 1,260,120 | Sofia | | 78.9% |
|
Population | Answer |
732,688 | Frankfurt | | 78.9% | 1,060,582 | Cologne | | 78.5% | 641,007 | Riga | | 78.5% | 762,448 | Krakow | | 78.2% | 790,017 | Zagreb | | 77.8% | 774,060 | Leeds | | 77.1% | 547,342 | Vilnius | | 73.9% | 422,932 | Bratislava | | 73.6% | 380,226 | Florence | | 73.6% | 444,215 | Tallinn | | 73.2% | 673,073 | Palermo | | 72.5% | 612,178 | Dusseldorf | | 72.2% | 345,141 | Bilbao | | 72.2% | 344,064 | Nice | | 72.2% | 529,542 | Antwerp | | 71.5% | 586,181 | Dortmund | | 70.8% | 623,441 | Stuttgart | | 69.4% | 357,160 | Cardiff | | 69.4% | 693,878 | Seville | | 69% | 328,494 | Malmo | | 68.7% | 588,688 | Genoa | | 67.6% | 545,675 | Dresden | | 66.5% | 446,342 | Belfast | | 66.5% | 449,328 | Bristol | | 65.8% | 462,249 | Gdansk | | 65.5% | 560,472 | Leipzig | | 65.1% | 569,737 | Sheffield | | 64.4% | 557,464 | Bremen | | 64.1% | 447,340 | Toulouse | | 63.7% | 569,130 | Malaga | | 63.4% | 582,624 | Essen | | 63% | 541,145 | Gothenburg | | 62.3% | 698,688 | Lodz | | 62% | 378,327 | Brno | | 61.3% |
|
Population | Answer |
386,171 | Bologna | | 60.6% | 325,182 | Thessaloniki | | 59.5% | 321,008 | Bari | | 58.5% | 664,953 | Zaragoza | | 58.1% | 525,329 | The Hague | | 57% | 637,075 | Wroclaw | | 51.8% | 500,096 | Nuremberg | | 49.3% | 543,645 | Poznan | | 47.9% | 342,627 | Leicester | | 47.5% | 326,676 | Aarhus | | 45.8% | 334,466 | Varna | | 45.1% | 532,163 | Hanover | | 44% | 487,432 | Bradford | | 43% | 491,231 | Duisburg | | 42.3% | 341,625 | Plovdiv | | 41.5% | 345,385 | Coventry | | 41.2% | 439,889 | Murcia | | 40.8% | 324,576 | Cluj-Napoca | | 40.5% | 379,766 | Las Palmas | | 40.1% | 320,645 | Catania | | 40.1% | 340,727 | Lublin | | 39.8% | 343,086 | Utrecht | | 39.4% | 328,648 | Alicante | | 39.4% | 327,362 | Cordoba | | 39.1% | 362,562 | Timisoara | | 36.3% | 350,046 | Wuppertal | | 35.9% | 364,742 | Bochum | | 35.6% | 333,090 | Bielefeld | | 35.2% | 405,657 | Szczecin | | 30.6% | 400,578 | Palma de Mallorca | | 29.9% | 355,645 | Bydgoszcz | | 27.1% | 333,759 | Wakefield | | 9.5% |
|
Comments